000 00295nam a2200145Ia 4500
100 _aJain/ Raj
942 _cBK
654 _aComputer
245 _aFDDI Handbook
260 _bAddison Wesley Pub
_aReading
_c1994
082 _a4.62
_bJAI
300 _a528
546 _aENGLISH
999 _c35017
_d35017